[Event "34th ch-ISR"]
[Site "Haifa ISR"]
[Date "2008.12.10"]
[Round "8"]
[White "Smirin,I"]
[Black "Klenburg,M"]
[Result "1-0"]
[WhiteElo "2649"]
[BlackElo "2403"]

1.e4 e5 2.Nf3 Nc6 3.Bb5 a6 4.Ba4 Nf6 5.O-O Be7 6.Re1 b5 7.Bb3 d6 8.c3 O-O
9.h3 Na5 10.Bc2 c5 11.d4 Qc7 12.Nbd2 cxd4 13.cxd4 Nc6 14.Nb3 a5 15.Be3 a4
16.Nbd2 Bd7 17.a3 Rac8 18.Bd3 Qb8 19.b4 Ne8 20.Qe2 Nc7 21.Rac1 exd4 22.Nxd4 Nxd4
23.Bxd4 Ne6 24.Be3 Bf6 25.Nf3 Rfe8 26.Red1 Red8 27.Rxc8 Rxc8 28.e5 dxe5 29.Bxh7+ Kxh7
30.Rxd7 Kg8 31.Nd2 Rc1+ 32.Kh2 Nd4 33.Qg4 Rc6 34.Ne4 g6 35.Nxf6+ Rxf6 36.Qe4 Nc6
37.Qd5 Re6 38.Bc5 Qe8 39.Rc7 e4 40.Kg1 e3 41.fxe3 Rf6 42.e4 Re6 43.Bd6 Ne5
44.Rb7 Nd7 45.e5  1-0

[Event "TCh-ISR 2008-9"]
[Site "Israel ISR"]
[Date "2008.12.12"]
[Round "1"]
[White "Nedobora,M"]
[Black "Smirin,I"]
[Result "0-1"]
[WhiteElo "2425"]
[BlackElo "2649"]

1.d4 Nf6 2.c4 g6 3.Nc3 Bg7 4.e4 d6 5.Be2 O-O 6.Bg5 Na6 7.Nf3 h6 8.Bh4 g5
9.Bg3 Nh5 10.O-O e6 11.Qd2 f5 12.exf5 exf5 13.Ne1 g4 14.Nd5 c5 15.Nc2 cxd4
16.Nxd4 f4 17.Nb5 fxg3 18.hxg3 Kh8 19.Rad1 Be6 20.Ne3 Qb6 21.b4 Nxb4 22.Qxb4 Nxg3
23.Rfe1 Rxf2 24.Bxg4 Rf1+ 25.Kh2 Be5 26.Bxe6 Ne2+ 27.g3 Qxe3  0-1

[Event "TCh-ISR 2008-9"]
[Site "Israel ISR"]
[Date "2008.12.19"]
[Round "3"]
[White "Mikhalevski,A"]
[Black "Smirin,I"]
[Result "1/2-1/2"]
[WhiteElo "2444"]
[BlackElo "2649"]

1.d4 Nf6 2.c4 e6 3.Nf3 b6 4.a3 Bb7 5.Nc3 g6 6.Bg5 Bg7 7.e3 h6 8.Bh4 Nc6 9.h3 Ne7
10.Bg3 O-O 11.Be2 c5 12.O-O Nf5 13.Bh2 d5 14.dxc5 bxc5 15.Be5 Qe7 16.cxd5 exd5
17.Bxf6 Bxf6 18.Nxd5 Bxd5 19.Qxd5 Bxb2 20.Rab1 Rfd8 21.Qa2 Bg7 22.Bc4 Nd6
23.Bd5 Rab8 24.Rxb8 Rxb8 25.Qc2 c4 26.Bxc4 Rb2 27.Qd3 Nxc4 28.Qxc4 Qxa3 29.Rd1 Qa2
30.Rd8+ Kh7 31.Qxa2 Rxa2 32.Rd7 Kg8 33.Rd8+ Kh7 34.Rd7  1/2-1/2

[Event "TCh-ISR 2008-9"]
[Site "Israel ISR"]
[Date "2009.05.08"]
[Round "7"]
[White "Smirin,I"]
[Black "Vydeslaver,Ali"]
[Result "1-0"]
[WhiteElo "2649"]
[BlackElo "2399"]

1.e4 e6 2.d4 d5 3.Nc3 Nf6 4.e5 Nfd7 5.Nce2 c5 6.c3 b6 7.f4 Be7 8.Nf3 Ba6
9.f5 Bxe2 10.Bxe2 Nc6 11.Qa4 Qc7 12.Bb5 Nd8 13.fxe6 Nxe6 14.Bc6 O-O-O 15.Bxd5 cxd4
16.Bxe6 fxe6 17.cxd4 Kb7 18.Be3 Qc6 19.Qxc6+ Kxc6 20.Rc1+ Kb7 21.Bg5 Rhe8
22.Ke2 Nb8 23.Bxe7 Rxe7 24.Rc4 h6 25.Ke3 Red7 26.Rhc1 Na6 27.Nd2 b5 28.Rc6 Nb4
29.Rxe6 Nd5+ 30.Ke4 Nc7 31.Rd6 Rxd6 32.exd6 Rxd6 33.Nb3 Re6+ 34.Kd3 Kb6 35.a4 bxa4
36.Nc5 Re7 37.Nxa4+ Kb5 38.Nc3+ Kb6 39.d5 Kc5 40.Ra1 Rd7 41.Ra5+ Kb6 42.b4 Kb7
43.Kd4 Ne8 44.Ne4 Rf7 45.d6 Nf6 46.Rc5 Kb6 47.Nxf6  1-0

[Event "World Open"]
[Site "Philadelphia USA"]
[Date "2009.07.03"]
[Round "5"]
[White "Smirin,I"]
[Black "Gareev,T"]
[Result "1/2-1/2"]
[WhiteElo "2641"]
[BlackElo "2590"]

1.e4 e5 2.Nf3 Nc6 3.Bb5 a6 4.Ba4 Nf6 5.O-O Bc5 6.c3 b5 7.Bb3 d6 8.a4 Bg4
9.h3 Bxf3 10.Qxf3 Na5 11.Bd1 b4 12.d3 O-O 13.Nd2 Rb8 14.Kh1 bxc3 15.bxc3 d5
16.exd5 Qxd5 17.Qe2 Rfe8 18.Bc2 Qc6 19.Rb1 Bb6 20.Bb2 Rbd8 21.Rbd1 Qd5 22.Bb1 Qc6
23.Bc2 h6 24.Ne4 Nxe4 25.dxe4 Nc4 26.Bc1 Rxd1 27.Rxd1  1/2-1/2

[Event "World Open"]
[Site "Philadelphia USA"]
[Date "2009.07.04"]
[Round "7"]
[White "Ehlvest,J"]
[Black "Smirin,I"]
[Result "1/2-1/2"]
[WhiteElo "2606"]
[BlackElo "2641"]

1.e4 c5 2.Nf3 e6 3.d4 cxd4 4.Nxd4 a6 5.Be2 Nf6 6.Nc3 Qc7 7.O-O Nc6 8.Kh1 Be7
9.f4 d6 10.a4 O-O 11.Be3 Re8 12.Bd3 Nb4 13.Qf3 e5 14.Nde2 Be6 15.a5 Rac8
16.Ng3 exf4 17.Bxf4 Qc5 18.Be3 Qe5 19.Bf4 Qc5 20.Be3 Qe5  1/2-1/2

[Event "World Open"]
[Site "Philadelphia USA"]
[Date "2009.07.05"]
[Round "8"]
[White "Smirin,I"]
[Black "Mikhalevski,V"]
[Result "1-0"]
[WhiteElo "2641"]
[BlackElo "2625"]

1.e4 e5 2.Nf3 Nc6 3.Bb5 a6 4.Ba4 Nf6 5.d3 d6 6.c3 g6 7.O-O Bg7 8.Re1 O-O
9.Nbd2 Nd7 10.b4 f5 11.d4 exd4 12.Bxc6 bxc6 13.cxd4 Nf6 14.Qb3+ Kh8 15.e5 Nd5
16.Nc4 Rb8 17.a3 f4 18.Na5 Bd7 19.Bd2 g5 20.h3 h6 21.Rac1 Rb6 22.Nc4 Qb8
23.Nxb6 Qxb6 24.Qd3 Bf5 25.Qc4 Bd7 26.a4 Qb7 27.Kh2 Qb6 28.Rb1 Qb7 29.Rb3 Nb6
30.Qe2 Nd5 31.Rbb1 Bf5 32.Rbc1 Bd7 33.Qc4 Qa8 34.Qc2 Qb7 35.Bc3 Bf5 36.Qb3 Bd7
37.Nd2 Qb8 38.Qc4 Qb6 39.Ne4 f3 40.g3 Be6 41.exd6 cxd6 42.Nxg5 Bg8 43.Ne4 Nf6
44.Qf1 Nd5 45.a5 Qb8 46.Bd2 Ne7 47.Qxa6 Bd5 48.Nc3 Nf5 49.Nxd5 cxd5 50.Qd3 Bxd4
51.Bc3 Bxc3 52.Qxc3+ d4 53.Qd2 d5 54.Rc6 Kh7 55.Ree6 Qb5 56.Rxh6+ Kg8 57.Qg5+ Ng7
58.Rc7  1-0

[Event "Richard Riordan GM Rapid"]
[Site "Natanya ISR"]
[Date "2009.07.12"]
[Round "1"]
[White "Nepomniachtchi,I"]
[Black "Smirin,I"]
[Result "1-0"]
[WhiteElo "2632"]
[BlackElo "2650"]

1.e4 c5 2.Nf3 e6 3.d4 cxd4 4.Nxd4 a6 5.Nc3 Qc7 6.Qf3 b5 7.Bf4 Qb6 8.Be3 Bc5
9.O-O-O Ne7 10.Kb1 Nbc6 11.Nxc6 dxc6 12.Bxc5 Qxc5 13.Qg3 O-O 14.e5 Ng6 15.f4 Qb4
16.Ne2 Bb7 17.Rd4 Qe7 18.h4 c5 19.Rd6 Rfd8 20.h5 Nf8 21.h6 g6 22.Qc3 Rac8
23.Rh3 b4 24.Qd2 Rxd6 25.exd6 Qf6 26.g4 e5 27.g5 Qf5 28.Re3 exf4 29.Re7 f3
30.Rxb7 fxe2 31.Bxe2 c4 32.Rc7 Rd8 33.Bxc4 Ne6 34.Bxe6 Qxe6 35.Re7 Qf5 36.Qe1 Kf8
37.d7 Ra8  1-0

[Event "Richard Riordan GM Rapid"]
[Site "Natanya ISR"]
[Date "2009.07.12"]
[Round "2"]
[White "Smirin,I"]
[Black "Roiz,M"]
[Result "1-0"]
[WhiteElo "2650"]
[BlackElo "2658"]

1.e4 c6 2.d3 d5 3.Nd2 Qc7 4.Ngf3 Bg4 5.h3 Bh5 6.g4 Bg6 7.Nh4 e6 8.Bg2 Bd6
9.Nxg6 hxg6 10.Qe2 Nf6 11.Nf3 Nbd7 12.Bd2 O-O-O 13.Ng5 Rdf8 14.O-O-O Bf4
15.Kb1 Bxd2 16.Qxd2 Nh7 17.Nxh7 Rxh7 18.f4 Rhh8 19.Rhf1 dxe4 20.dxe4 e5 21.f5 gxf5
22.exf5 f6 23.Qf2 Qb6 24.Qg3 Nc5 25.h4 Rd8 26.g5 Qb4 27.a3 Qxh4 28.Rxd8+ Kxd8
29.Rd1+ Kc7 30.Qc3 Qf2 31.Qa5+ b6 32.Qxa7+ Nb7 33.Rd7+  1-0

[Event "Richard Riordan GM Rapid"]
[Site "Natanya ISR"]
[Date "2009.07.12"]
[Round "3"]
[White "Avrukh,B"]
[Black "Smirin,I"]
[Result "1/2-1/2"]
[WhiteElo "2641"]
[BlackElo "2650"]

1.d4 Nf6 2.c4 g6 3.g3 Bg7 4.Bg2 O-O 5.Nc3 d6 6.Nf3 Nc6 7.O-O Bf5 8.d5 Na5
9.Nd2 c5 10.e4 Bd7 11.Qc2 a6 12.b3 b5 13.Bb2 Rb8 14.Rae1 e5 15.Nd1 Ng4 16.h3 Nh6
17.Bc3 f5 18.f4 b4 19.Bb2 exf4 20.Rxf4 Be5 21.Bxe5 dxe5 22.Rf2 Qg5 23.Qd3 Nb7
24.exf5 Nxf5 25.Ne4 Qe7 26.Ref1 Nd4 27.Ne3 Rxf2 28.Rxf2 Bf5 29.Ng4 Rf8 30.Qe3 Bxg4
31.Rxf8+ Qxf8 32.hxg4 Nd6 33.g5 a5  1/2-1/2

[Event "Richard Riordan GM Rapid"]
[Site "Natanya ISR"]
[Date "2009.07.13"]
[Round "5"]
[White "Smirin,I"]
[Black "Rodshtein,M"]
[Result "1-0"]
[WhiteElo "2650"]
[BlackElo "2623"]

1.e4 c6 2.d3 d5 3.Nd2 Qc7 4.Qe2 g6 5.g3 Bg7 6.Bg2 e5 7.Ngf3 Ne7 8.O-O O-O
9.b4 a5 10.bxa5 dxe4 11.dxe4 Rxa5 12.Nc4 Ra4 13.Ncxe5 Nd7 14.Nxd7 Bxd7 15.Bf4 Qa5
16.Rab1 Bc8 17.Bd6 Re8 18.Qd3 Rxa2 19.Qb3 h6 20.Rfd1 b5 21.Bb4 Qa7 22.Bc5 Qxc5
23.Qxa2 Be6 24.Qa5 Qxc2 25.Rbc1 Qa4 26.Qc7 Qa3 27.Rb1 Rc8 28.Qb7 Bg4 29.h3 Qxf3
30.Qxe7 Bf8 31.Qd7 Ra8 32.Qxc6 Ra2 33.Rf1 b4 34.Qd5 Rc2 35.Rb3 Qf6 36.e5 Qe7
37.Re1 Qa7 38.Rf3 Bc5 39.e6 Bxf2+ 40.Kh1 Bxe1 41.exf7+  1-0

[Event "Richard Riordan GM Rapid"]
[Site "Natanya ISR"]
[Date "2009.07.13"]
[Round "6"]
[White "Sutovsky,E"]
[Black "Smirin,I"]
[Result "0-1"]
[WhiteElo "2675"]
[BlackElo "2650"]

1.e4 c5 2.Nf3 e6 3.d4 cxd4 4.Nxd4 a6 5.Nc3 Qc7 6.Bd3 Bc5 7.Nb3 Be7 8.f4 d6
9.Qf3 Nc6 10.O-O Nf6 11.Bd2 b5 12.e5 Nd7 13.exd6 Bxd6 14.Ne4 Be7 15.Bc3 Bb7
16.Qh5 Nf6 17.Nxf6+ gxf6 18.Rae1 O-O-O 19.Kh1 Rhg8 20.Qxf7 Rxg2 21.Be4 Rxc2
22.Rf3 Kb8 23.Qxe6 Rd6 24.Qg8+ Nd8 25.Qxh7 Re6 26.Nd4 Rxe4 27.Rxe4 Rc1+ 28.Kg2 Bc5
29.Qxc7+ Kxc7 30.Re2 b4 31.Nb3 Rg1+ 32.Kh3 Bxf3 33.Rc2 Ne6 34.Bd2 Bg4+ 35.Kh4 Bf5
36.Nxc5 Rg4+ 37.Kh3 Rg1+ 38.Kh4 Bxc2 39.Nxe6+ Kd6 40.Nd4 Bd1 41.Nf5+ Ke6
42.Ne3 a5 43.h3 Be2 44.a3 Rb1 45.f5+ Kf7 46.axb4 Rxb2 47.Be1 a4 48.Nd5 a3
49.Bc3 Rb3 50.Ba1 Rb1 51.Bc3 a2 52.Nxf6 a1=Q 53.Bxa1 Rxa1 54.Ne4 Bd3 55.Ng3 Rb1
56.Kg5 Rxb4 57.h4 Bc2 58.h5 Bd1 59.Nf1 Rg4+ 60.Kh6 Rh4 61.Ng3 Rh3  0-1

[Event "Richard Riordan GM Rapid"]
[Site "Natanya ISR"]
[Date "2009.07.13"]
[Round "7"]
[White "Smirin,I"]
[Black "Beliavsky,A"]
[Result "1/2-1/2"]
[WhiteElo "2650"]
[BlackElo "2662"]

1.e4 e5 2.Nf3 Nc6 3.Bb5 a6 4.Ba4 Nf6 5.O-O Be7 6.Re1 b5 7.Bb3 O-O 8.d3 d6
9.c3 Na5 10.Bc2 c5 11.Nbd2 Nc6 12.Nf1 Re8 13.h3 Bf8 14.Bg5 h6 15.Bh4 Be7
16.d4 cxd4 17.cxd4 Nd7 18.Bxe7 Qxe7 19.Ne3 Nb6 20.Qd2 Bd7 21.Rad1 Qf6 22.dxe5 dxe5
23.Nd5 Nxd5 24.exd5 Nd4 25.Nxd4 exd4 26.Re4 Rxe4 27.Bxe4 Rc8 28.b3 Qe5 29.Qxd4 Qxd4
30.Rxd4 f5 31.Bf3  1/2-1/2

[Event "Richard Riordan GM Rapid"]
[Site "Natanya ISR"]
[Date "2009.07.13"]
[Round "8"]
[White "Gelfand,B"]
[Black "Smirin,I"]
[Result "1-0"]
[WhiteElo "2755"]
[BlackElo "2650"]

1.d4 Nf6 2.c4 g6 3.Nc3 Bg7 4.e4 d6 5.Nf3 O-O 6.Be2 e5 7.O-O Nc6 8.d5 Ne7
9.b4 Nh5 10.Re1 a5 11.bxa5 c5 12.Nd2 Nf4 13.Nb3 Nxe2+ 14.Qxe2 Bd7 15.Bd2 f5
16.f3 f4 17.Nd1 h5 18.Rb1 g5 19.Nc1 g4 20.Rxb7 Ng6 21.Nd3 Rf7 22.Rb6 Rf6
23.fxg4 hxg4 24.g3 fxg3 25.Bg5 gxh2+ 26.Qxh2 Nf4 27.Nxf4 exf4 28.e5 dxe5
29.Qh4 Kf7 30.Rxf6+ Bxf6 31.Qh7+ Kf8 32.Bh6+ Ke8 33.Qg6+ Ke7 34.Rxe5+ Bxe5
35.d6+  1-0

[Event "Richard Riordan GM Rapid"]
[Site "Natanya ISR"]
[Date "2009.07.14"]
[Round "11"]
[White "Smirin,I"]
[Black "Najer,E"]
[Result "1/2-1/2"]
[WhiteElo "2650"]
[BlackElo "2663"]

1.e4 c5 2.Nf3 d6 3.d4 cxd4 4.Nxd4 Nf6 5.Nc3 a6 6.Be2 e5 7.Nb3 Be7 8.O-O O-O
9.Be3 Be6 10.Qd2 Nbd7 11.a4 Qc7 12.Rfd1 Rac8 13.a5 Rfd8 14.f3 Nc5 15.Nxc5 dxc5
16.Qe1 Rxd1 17.Bxd1 c4 18.Na4 Qc6 19.Kh1  1/2-1/2

[Event "Richard Riordan GM Rapid"]
[Site "Natanya ISR"]
[Date "2009.07.14"]
[Round "12"]
[White "Fridman,D2"]
[Black "Smirin,I"]
[Result "0-1"]
[WhiteElo "2665"]
[BlackElo "2650"]

1.d4 Nf6 2.c4 g6 3.Nc3 Bg7 4.Nf3 O-O 5.g3 d6 6.Bg2 Nc6 7.O-O Bf5 8.b3 Ne4
9.Bb2 e5 10.d5 Ne7 11.Rc1 a6 12.Nd2 Nxc3 13.Rxc3 b6 14.e4 Bd7 15.Nf3 a5 16.Re3 Bh6
17.Ree1 f5 18.exf5 gxf5 19.Nh4 Ng6 20.Nxg6 hxg6 21.f4 e4 22.g4 Bg7 23.Bxg7 Kxg7
24.gxf5 gxf5 25.Re3 Qf6 26.Rg3+ Kf7 27.Rg5 Rh8 28.Qe1 Rag8 29.Qg3 Rxg5 30.fxg5 Qd4+
31.Kh1 Kg6 32.Qf4 Qe5 33.h4 e3 34.Rf3 Qxf4  0-1

[Event "Richard Riordan GM Rapid"]
[Site "Natanya ISR"]
[Date "2009.07.14"]
[Round "13"]
[White "Smirin,I"]
[Black "Eljanov,P"]
[Result "1/2-1/2"]
[WhiteElo "2650"]
[BlackElo "2716"]

1.e4 e5 2.Nf3 Nc6 3.Bb5 Nf6 4.O-O Nxe4 5.Re1 Nd6 6.Nxe5 Be7 7.Bf1 Nf5 8.Nc3 Nxe5
9.Rxe5 d6 10.Re1 d5 11.d4 O-O 12.Bf4 c6 13.Qd2 Bb4 14.a3 Ba5 15.b4 Bc7 16.Ne2  1/2-1/2

[Event "Richard Riordan GM Blitz"]
[Site "Natanya ISR"]
[Date "2009.07.16"]
[Round "1"]
[White "Gelfand,B"]
[Black "Smirin,I"]
[Result "1-0"]
[WhiteElo "2755"]
[BlackElo "2650"]

1.d4 Nf6 2.c4 c5 3.d5 g6 4.Nc3 Bg7 5.e4 d6 6.h3 O-O 7.Bd3 Na6 8.Nf3 Nc7 9.O-O e5
10.Bg5 h6 11.Bd2 Nh5 12.Re1 Nf4 13.Bf1 g5 14.Nh2 f5 15.g3 Ng6 16.exf5 Bxf5
17.Bg2 Qf6 18.Qe2 Ne8 19.Ne4 Qe7 20.Ng4 Kh7 21.b4 b6 22.bxc5 dxc5 23.a4 Nd6
24.a5 Kh8 25.Bc3 Rab8 26.axb6 axb6 27.Nxd6 Bxg4 28.Qxg4 Qxd6 29.Be4 Ne7 30.Ra7 Ng8
31.Qe6 Qxe6 32.dxe6 Nf6 33.Bc6 Rbc8 34.e7 Rg8 35.Bb5 Ne8 36.Bxe5 Bxe5 37.Rxe5 Kg7
38.Re6 Rb8 39.Rd7  1-0

[Event "Richard Riordan GM Blitz"]
[Site "Natanya ISR"]
[Date "2009.07.16"]
[Round "5"]
[White "Nepomniachtchi,I"]
[Black "Smirin,I"]
[Result "1/2-1/2"]
[WhiteElo "2632"]
[BlackElo "2650"]

1.e4 g6 2.d4 Bg7 3.c3 d6 4.Bd3 Nf6 5.Ne2 O-O 6.O-O c5 7.h3 Nc6 8.Be3 cxd4
9.cxd4 Nb4 10.Nbc3 Nxd3 11.Qxd3 b6 12.d5 e5 13.dxe6 fxe6 14.Rfd1 Bb7 15.Qxd6 Qxd6
16.Rxd6 Nxe4 17.Rxe6 Nxc3 18.Nxc3 Rad8 19.Re1 Rd7 20.h4 Bxc3 21.bxc3 Bd5
22.Re5 Bxa2 23.Bd4 Bc4 24.h5 b5 25.Ra1 b4 26.Bc5 b3 27.Bxf8 Kxf8 28.Rc5 Bd3
29.Rc8+ Kg7 30.Rb8 Bc2 31.hxg6 hxg6 32.Ra5 Kf6 33.f3 g5 34.Rbb5 g4 35.fxg4 Rc7
36.Kh2 Bd1 37.g3 Bc2 38.g5+ Kg6 39.Kh3 Rh7+ 40.Kg4 Bd1+ 41.Kf4 Rf7+ 42.Ke3 Rf3+
43.Kd2 Bc2 44.Ra6+ Kh5 45.Rh6+ Kg4 46.g6 Rd3+ 47.Ke1 Kf3 48.Rf5+ Ke3 49.Re5+ Kf3
50.Rf5+ Ke3 51.Re5+ Kf3 52.Rf5+ Ke3  1/2-1/2

[Event "Richard Riordan GM Blitz"]
[Site "Natanya ISR"]
[Date "2009.07.16"]
[Round "6"]
[White "Smirin,I"]
[Black "Fridman,D2"]
[Result "0-1"]
[WhiteElo "2650"]
[BlackElo "2665"]

1.e4 e5 2.Nf3 Nf6 3.Nc3 Nc6 4.g3 Bc5 5.Bg2 d6 6.d3 a6 7.O-O h6 8.h3 Be6 9.Be3 Bxe3
10.fxe3 Qd7 11.Kh2 O-O-O 12.d4 exd4 13.exd4 d5 14.e5 Ne4 15.Qe1 Ng5 16.Qd2 Bxh3
17.Ng1 Bxg2 18.Kxg2 Rde8 19.Rae1 Re6 20.Nce2 Ne4 21.Qe3 Rg6 22.c4 Nb4 23.cxd5 Ng5
24.d6 Qc6+ 25.Nf3 Nc2 26.Qf4 Nxf3 27.Qxf3 Nxe1+ 28.Rxe1 cxd6 29.Nf4 Rg5 30.exd6 Rd8
31.Re7 Rxd6 32.Rxf7 Qxf3+ 33.Kxf3 Rxd4 34.Ne6 Rd3+ 35.Ke4 Rgxg3 36.Nc5 Rge3+  0-1

[Event "Richard Riordan GM Blitz"]
[Site "Natanya ISR"]
[Date "2009.07.16"]
[Round "10"]
[White "Avrukh,B"]
[Black "Smirin,I"]
[Result "1/2-1/2"]
[WhiteElo "2641"]
[BlackElo "2650"]

1.b3 b6 2.Bb2 Bb7 3.e3 Nf6 4.Nf3 e6 5.c4 c5 6.Nc3 Be7 7.d4 cxd4 8.exd4 d5
9.Bd3 O-O 10.O-O Nc6 11.cxd5 Nxd5 12.Nxd5 Qxd5 13.Bc4 Qh5 14.Ne5 Qxd1 15.Rfxd1 Nb4
16.f3 Rfd8 17.a3 Nd5 18.Kf2 Rac8 19.Bd3 Nf4 20.Rac1 Nxd3+ 21.Nxd3 Bd5 22.Rxc8 Rxc8
23.Rc1 Rxc1 24.Nxc1  1/2-1/2

[Event "Richard Riordan GM Blitz"]
[Site "Natanya ISR"]
[Date "2009.07.16"]
[Round "13"]
[White "Smirin,I"]
[Black "Beliavsky,A"]
[Result "1-0"]
[WhiteElo "2650"]
[BlackElo "2662"]

1.e4 e5 2.Nf3 Nc6 3.Bb5 a6 4.Ba4 Nf6 5.O-O Be7 6.Re1 b5 7.Bb3 d6 8.c3 O-O
9.d3 Na5 10.Bc2 c5 11.Nbd2 Nc6 12.Nf1 Re8 13.h3 h6 14.Ne3 Be6 15.d4 cxd4
16.cxd4 exd4 17.Nxd4 Nxd4 18.Qxd4 Rc8 19.a4 Qc7 20.axb5 axb5 21.Ra7 Qc5 22.Qxc5 Rxc5
23.Bd3 b4 24.Rb7 g5 25.Rxb4 Kf8 26.Bc4 Rec8 27.b3 d5 28.exd5 Nxd5 29.Nxd5 Bxd5
30.Bf4 Kg8 31.Bh2 Kf8 32.Bxd5 Rxd5 33.Rb6 Rd2 34.Rxh6 Rcc2 35.Be5 Ke8 36.Bf6 Re2
37.Rxe2 Rxe2 38.Bxe7 Kxe7 39.h4 gxh4 40.Rxh4 Rb2 41.Rb4 Kf6 42.g3 Kg6 43.Kg2 Rc2
44.Rf4 Rb2 45.b4 Rb3 46.Kf1 Rb2 47.Ke1 f5 48.Kd1 Kf6 49.Kc1 Re2 50.b5 Re5
51.Rb4  1-0

[Event "Open"]
[Site "Baku AZE"]
[Date "2009.09.21"]
[Round "1"]
[White "Hajiyev,S"]
[Black "Smirin,I"]
[Result "0-1"]
[WhiteElo "2066"]
[BlackElo "2648"]

1.d4 Nf6 2.c4 g6 3.Nc3 Bg7 4.e4 d6 5.f3 O-O 6.Be3 Nc6 7.Nge2 a6 8.Qd2 Bd7
9.Nc1 Nh5 10.Nb3 a5 11.a4 e5 12.d5 Nb4 13.Be2 b6 14.O-O f5 15.exf5 gxf5 16.Nc1 Nf4
17.Nd3 Nxe2+ 18.Qxe2 Na6 19.Qd2 Qh4 20.f4 Rae8 21.b3 Kh8 22.Rae1 Rg8 23.Ne2 Qg4
24.Ng3 Qg6 25.Qd1 Nc5 26.Nxc5 bxc5 27.Qd2 Ra8 28.Qc2 h5 29.Qe2 h4 30.Qh5+ Qh7
31.Qxh7+ Kxh7 32.Ne2 h3 33.g3 Rgb8 34.Rb1 e4 35.Kf2 Rb7 36.Ng1 Rab8 37.Nxh3 Rxb3
38.Ng5+ Kg6 39.Rxb3 Rxb3 40.g4 fxg4 41.Nxe4 Bxa4 42.Rg1 Rxe3 43.Rxg4+ Kf5
44.Rxg7 Rxe4 45.Rf7+ Kg6  0-1

[Event "Open"]
[Site "Baku AZE"]
[Date "2009.09.23"]
[Round "3"]
[White "Chighladze,I"]
[Black "Smirin,I"]
[Result "0-1"]
[WhiteElo "2420"]
[BlackElo "2648"]

1.d4 Nf6 2.c4 g6 3.Nc3 Bg7 4.e4 d6 5.f3 O-O 6.Be3 Nc6 7.Nge2 a6 8.Qd2 Bd7
9.Nc1 Nh5 10.Nb3 a5 11.g4 a4 12.Nxa4 Rxa4 13.gxh5 e5 14.d5 Qh4+ 15.Bf2 Qxh5
16.dxc6 Qxf3 17.cxd7 Qxh1 18.Nc5 Rxc4 19.Qe2 b5 20.b3 Rc3 21.Bh4 Rh3 22.d8=Q Rxd8
23.Bxd8 Rxh2 24.Qxb5 Qf3 25.Be2 Qc3+  0-1

[Event "Open"]
[Site "Baku AZE"]
[Date "2009.09.24"]
[Round "4"]
[White "Shanava,K"]
[Black "Smirin,I"]
[Result "0-1"]
[WhiteElo "2525"]
[BlackElo "2648"]

1.e4 c5 2.Nf3 e6 3.d4 cxd4 4.Nxd4 a6 5.Nc3 b5 6.Bd3 Qb6 7.Be3 Bc5 8.Be2 Nc6
9.Nxc6 dxc6 10.Bxc5 Qxc5 11.Qd3 Nf6 12.O-O-O O-O 13.f4 e5 14.f5 a5 15.g4 a4
16.g5 Nd7 17.g6 fxg6 18.fxg6 a3 19.gxh7+ Kh8 20.b3 Nf6 21.Rhg1 Be6 22.Rg3 b4
23.Na4 Rxa4 24.bxa4 Bxa2 25.Qe3 b3 26.Qxc5 b2+ 27.Kd2 Nxe4+ 28.Ke1 Nxc5 29.Rxa3 b1=Q
30.Rxb1 Bxb1 31.Kd2 Rf2 32.a5 Bxc2 33.a6 Nxa6 34.Rxa6 Be4 35.Ke3 Rxh2 36.Bg4 Rh4
37.Bd7 Rf4 38.Bxc6 Bxc6 39.Rxc6 Kxh7 40.Re6 Rf1 41.Ke4 g6 42.Ra6 Re1+ 43.Kf3 Kh6
44.Kf2 Re4 45.Kf3 Rf4+ 46.Ke3 Kg5 47.Ra8 Kg4 48.Re8 g5 49.Rxe5 Rf8 50.Kd4  0-1

[Event "Open"]
[Site "Baku AZE"]
[Date "2009.09.27"]
[Round "7"]
[White "Sulashvili,M"]
[Black "Smirin,I"]
[Result "0-1"]
[WhiteElo "2476"]
[BlackElo "2648"]

1.d4 Nf6 2.Nf3 g6 3.c4 Bg7 4.g3 O-O 5.Bg2 d6 6.O-O Nc6 7.d5 Na5 8.Nfd2 c6
9.a3 Ng4 10.Ra2 Ne5 11.dxc6 bxc6 12.b4 Naxc4 13.Nxc4 Nxc4 14.Bxc6 Bh3 15.Bg2 Bxg2
16.Kxg2 Qd7 17.Nd2 Rfc8 18.Kg1 Nb6 19.Nb3 h5 20.Be3 Nc4 21.Bd4 e5 22.Ba1 Qe6
23.e4 a5 24.Qb1 Rab8 25.Nd2 h4 26.Rc1 Bf8 27.Nxc4 Rxc4 28.Rxc4 Qxc4 29.Rb2 h3
30.bxa5 Rc8 31.Qe1 Qxe4 32.Qf1  0-1

[Event "World Cup"]
[Site "Khanty-Mansiysk RUS"]
[Date "2009.11.24"]
[Round "2.1"]
[White "Malakhov,V"]
[Black "Smirin,I"]
[Result "1/2-1/2"]
[WhiteElo "2706"]
[BlackElo "2662"]

1.e4 c5 2.Nf3 e6 3.d4 cxd4 4.Nxd4 Nf6 5.Nc3 d6 6.g4 h6 7.h3 Nc6 8.Be3 Bd7
9.Qd2 Nxd4 10.Qxd4 Bc6 11.O-O-O Qa5 12.Rg1 b5 13.e5 dxe5 14.Qxe5 a6 15.Bg2 Bxg2
16.Rxg2 Rc8 17.f4 Qc7 18.Qxc7 Rxc7 19.f5 Be7 20.Bd4 O-O 21.fxe6 fxe6 22.g5 hxg5
23.Rxg5 Rd8 24.Ne2 Rd5 25.Rdg1 Rxg5 26.Rxg5 Rd7 27.a4 Rd5 28.Bxf6 Bxf6 29.Rxd5 exd5
30.axb5 axb5 31.b4 d4 32.Kd2 Kf7 33.Kd3 Be7 34.Nxd4 Bxb4 35.Nxb5 Kf6 36.Kc4 Be1
37.Nd4 Ba5 38.Kc5 Kg5 39.c4 Kh4 40.Kb5 Bc7 41.c5 Kxh3 42.Ne6 Be5 43.c6 g6
44.Kc5 Kg4 45.Kd5 Bb8 46.c7  1/2-1/2

[Event "World Cup"]
[Site "Khanty-Mansiysk RUS"]
[Date "2009.11.25"]
[Round "2.2"]
[White "Smirin,I"]
[Black "Malakhov,V"]
[Result "1/2-1/2"]
[WhiteElo "2662"]
[BlackElo "2706"]

1.e4 e5 2.Nf3 Nc6 3.Bb5 Nf6 4.d3 Bc5 5.Bxc6 dxc6 6.O-O Bg4 7.h3 Bxf3 8.Qxf3 Nd7
9.Nd2 Qe7 10.Nc4 f6 11.Kh1 Nf8 12.c3  1/2-1/2

[Event "World Cup"]
[Site "Khanty-Mansiysk RUS"]
[Date "2009.11.26"]
[Round "2.5"]
[White "Malakhov,V"]
[Black "Smirin,I"]
[Result "1-0"]
[WhiteElo "2706"]
[BlackElo "2662"]

1.e4 c5 2.Nf3 e6 3.d4 cxd4 4.Nxd4 Nf6 5.Nc3 d6 6.g4 h6 7.h3 Nc6 8.Be3 a6
9.Bg2 Qc7 10.f4 Na5 11.Nde2 b5 12.b3 Bb7 13.Qd3 Rc8 14.a3 Be7 15.O-O O-O
16.f5 Nc6 17.Qd2 Ne5 18.Bd4 Rfe8 19.Rad1 Qb8 20.Ng3 d5 21.fxe6 fxe6 22.exd5 Nexg4
23.Nce2 e5 24.hxg4 exd4 25.g5 Ng4 26.gxh6 Qe5 27.Bh3 Rxc2 28.Qf4 d3 29.Qf7+ Kh7
30.Bxg4 Bc5+ 31.Kh2 Rxe2+ 32.Kh3 Re3 33.Bf5+ Kh8 34.Qg6 Rxg3+ 35.Qxg3 g6
36.Qxe5+ Rxe5 37.Bxd3 Bxd5 38.Bxg6 Be6+ 39.Kh2 Re2+ 40.Kg3 Re3+ 41.Rf3  1-0

[Event "TCh-ISR"]
[Site "Israel ISR"]
[Date "2010.02.05"]
[Round "3"]
[White "Smirin,I"]
[Black "Lerner,K"]
[Result "1/2-1/2"]
[WhiteElo "2668"]
[BlackElo "2538"]

1.e4 c5 2.Nf3 d6 3.d4 cxd4 4.Nxd4 Nf6 5.Nc3 a6 6.Be3 e5 7.Nb3 Be7 8.f3 Be6
9.Qd2 O-O 10.O-O-O Nbd7 11.g4 b5 12.g5 b4 13.Ne2 Ne8 14.f4 a5 15.f5 Bxb3
16.cxb3 a4 17.bxa4 Rxa4 18.b3 Ra5 19.Ng3 d5 20.exd5 Bc5 21.Kb1 Nd6 22.f6 Bxe3
23.Qxe3 Rxa2 24.fxg7 Re8 25.Kxa2 Qa5+ 26.Kb1 Ra8 27.Rd2 Qa1+ 28.Kc2 e4 29.Ba6 Qxa6
30.Kd1 Ne5 31.Nxe4 Ng4 32.Qf4 Qa1+ 33.Ke2 Qxh1 34.Nxd6  1/2-1/2

[Event "TCh-ISR"]
[Site "Israel ISR"]
[Date "2010.04.16"]
[Round "5"]
[White "Murey,J"]
[Black "Smirin,I"]
[Result "0-1"]
[WhiteElo "2415"]
[BlackElo "2668"]

1.e4 c5 2.Nc3 a6 3.Nf3 e6 4.d4 cxd4 5.Nxd4 Qc7 6.Be2 Nf6 7.O-O Bb4 8.Qd3 Nc6
9.Nxc6 bxc6 10.f4 d5 11.e5 Nd7 12.Qg3 O-O 13.Be3 Be7 14.Bd3 c5 15.Nd1 c4
16.Be2 f6 17.Bd4 fxe5 18.fxe5 Rxf1+ 19.Kxf1 Nb8 20.Nf2 Nc6 21.Bc3 Bc5 22.Rd1 Bb7
23.Ng4 Rf8+ 24.Bf3  0-1

[Event "TCh-ISR"]
[Site "Israel ISR"]
[Date "2010.05.07"]
[Round "9"]
[White "Smirin,I"]
[Black "Liss,E"]
[Result "1-0"]
[WhiteElo "2668"]
[BlackElo "2474"]

1.e4 e5 2.Nf3 Nc6 3.Bb5 a6 4.Ba4 Nf6 5.O-O Be7 6.Re1 b5 7.Bb3 d6 8.c3 O-O
9.d3 Na5 10.Bc2 c5 11.Nbd2 h6 12.Nf1 Re8 13.d4 cxd4 14.cxd4 exd4 15.Nxd4 Bf8
16.Ng3 g6 17.b3 Bg7 18.Bb2 Qb6 19.Qd2 Bb7 20.Ndf5 gxf5 21.Nxf5 Re5 22.Nxg7 Kxg7
23.Re3 Rc8 24.Rg3+ Kh7 25.Qf4 Qd8 26.Rd1 Nc6 27.Rgd3 Qe7 28.Rxd6 Kg7 29.R1d3 Nh5
30.Qxh6+ Kg8 31.f4  1-0

[Event "Open"]
[Site "Baku AZE"]
[Date "2010.08.23"]
[Round "1"]
[White "Smirin,I"]
[Black "Hajiyev,Shahin"]
[Result "1-0"]
[WhiteElo "2646"]
[BlackElo "2080"]

1.e4 c5 2.Nf3 d6 3.d4 cxd4 4.Nxd4 Nf6 5.Nc3 a6 6.Be3 Ng4 7.Bc1 Nf6 8.f4 e5
9.Nf3 Nbd7 10.Bc4 Be7 11.a4 exf4 12.Bxf4 Qb6 13.Bb3 Nc5 14.a5 Qb4 15.Bxd6 Nfxe4
16.Bxe7 Kxe7 17.O-O Nxc3 18.Qe1+ Be6 19.bxc3 Qe4 20.Qg3 Nxb3 21.Ng5 Qg6 22.Rae1 Rhc8
23.Rxf7+ Qxf7 24.Nxf7 Kxf7 25.Qf3+ Kg8 26.Rxe6 Nc5 27.Re7 Kh8 28.Qe3  1-0

[Event "Open"]
[Site "Baku AZE"]
[Date "2010.08.24"]
[Round "2"]
[White "Mamedjarova,T"]
[Black "Smirin,I"]
[Result "1/2-1/2"]
[WhiteElo "2280"]
[BlackElo "2646"]

1.e4 c5 2.c3 Nf6 3.e5 Nd5 4.d4 cxd4 5.Qxd4 e6 6.Nf3 Nc6 7.Qe4 f5 8.Qe2 b5
9.g3 a5 10.Bg2 Be7 11.O-O O-O 12.Rd1 Ba6 13.Nd4 b4 14.c4 Nxd4 15.Rxd4 Rc8
16.Nd2 f4 17.g4 Bc5 18.Rxd5 exd5 19.Bxd5+ Kh8 20.Nf3 Qb6 21.b3 Bd4 22.Bb2 Bxb2
23.Qxb2 Bb7 24.Qd2 Rc5 25.Bxb7 Qxb7 26.Qd6 Rcc8 27.Qd3 Qc6 28.Rd1 a4 29.h4 axb3
30.axb3 Rce8 31.Kh2 Re7 32.Kh3 Qc5 33.Rd2 Qc6 34.Rd1 Qc5 35.Rd2 Qc6 36.Rd1  1/2-1/2